| 000 -LEADER |
| fixed length control field |
00627cam a2200229 4500 |
| 001 - CONTROL NUMBER |
| control field |
1245175 |
| 005 - DATE AND TIME OF LATEST TRANSACTION |
| control field |
20180227082827.0 |
| 008 - FIXED-LENGTH DATA ELEMENTS--GENERAL INFORMATION |
| fixed length control field |
701109s1970 nyu b 001 0 eng |
| 010 ## - LIBRARY OF CONGRESS CONTROL NUMBER |
| LC control number |
72102944 |
| 020 ## - INTERNATIONAL STANDARD BOOK NUMBER |
| International Standard Book Number |
039309944X |
| 040 ## - CATALOGING SOURCE |
| Original cataloging agency |
DLC |
| Transcribing agency |
DLC |
| Modifying agency |
DLC |
| 041 ## - LANGUAGE CODE |
| Language code of text/sound track or separate title |
eng |
| 043 ## - GEOGRAPHIC AREA CODE |
| Geographic area code |
n-us--- |
| 080 ## - UNIVERSAL DECIMAL CLASSIFICATION NUMBER |
| Universal Decimal Classification number |
342.73029 KEL |
| 082 00 - DEWEY DECIMAL CLASSIFICATION NUMBER |
| Classification number |
342.73029 KEL |
| 100 1# - Rafti |
| Rafti |
14 |
| 101 ## - Shkurtesa |
| Shkurtesa |
JUR |
| 245 14 - TITLE STATEMENT |
| Title |
The American Constitution; |
| Statement of responsibility, etc |
by Alfred H. Kelly & Winfred A. Harbison. |
| 504 ## - BIBLIOGRAPHY, ETC. NOTE |
| Bibliography, etc |
Bibliography: p. 1103-1149. |
| 906 ## - LOCAL DATA ELEMENT F, LDF (RLIN) |
| a |
7 |
| b |
cbc |
| c |
orignew |
| d |
2 |
| e |
ncip |
| f |
19 |
| g |
y-gencatlg |
| 942 ## - ADDED ENTRY ELEMENTS (KOHA) |
| Source of classification or shelving scheme |
|
| Item type |
Books |